All Countries Not in Yakko's World - Statistics

General Stats
  • This quiz has been taken 32 times
  • The average score is 35 of 63
Answer Stats
Answer % Correct
Antigua and Barbuda
89%
Azerbaijan
78%
Grenada
78%
Saint Kitts and Nevis
78%
Saint Vincent and the Grenadines
78%
Andorra
72%
Armenia
72%
Bosnia and Herzegovina
72%
Dominica
72%
Saint Lucia
72%
Tajikistan
72%
Turkmenistan
72%
Belarus
67%
Georgia
67%
Latvia
67%
Lithuania
67%
North Macedonia
67%
Trinidad and Tobago Is listed as...
67%
Uzbekistan
67%
Vatican City
67%
Brunei
61%
Comoros
61%
Croatia
61%
Estonia
61%
Kiribati
61%
Marshall Islands
61%
Mauritius
61%
São Tomé and Príncipe
61%
Slovenia
61%
Solomon Islands
61%
Tuvalu
61%
Ukraine
61%
Federated States of Micronesia
56%
Nauru
56%
Serbia
56%
Vanuatu
56%
Burkina Faso
50%
Eritrea
50%
Moldova
50%
Montenegro
50%
Palau
50%
Republic of the Congo Is listed as...
50%
Samoa
50%
San Marino
50%
Singapore
50%
South Africa
50%
Tonga
50%
Central African Reublic
44%
Maldives
44%
Papua New Guinea Is listed as...
44%
Seychelles
44%
Timor-Leste
44%
Tobago
44%
Congo
39%
Equatorial Guinea
39%
Ivory Coast
39%
New Guinea
33%
South Sudan
33%
Phillippines Is listed as...
22%
Kyrgystan
17%
Kasakhstan
11%
The Phillippine Islands
11%
Capo Verde
0%
No matching quizzes found
Score Distribution
Percent of People with Each Score
Percentile by Number Answered
Your Score History
You have not taken this quiz